| 000 | 00615nam a22001937a 4500 | ||
|---|---|---|---|
| 005 | 20150812163607.0 | ||
| 010 | _aENG-113584 | ||
| 020 |
_a9788125051800 _c1025.00 |
||
| 035 | _aEN-97116 | ||
| 037 | _bDBAD/PUB | ||
| 082 | _a352.440954 | ||
| 245 |
_aIndian tax administration : _cedited by Parthasarathi Shome ; foreworded by Vijay Kelkar _ba dialogue / |
||
| 260 |
_aNew Delhi _bOrient Blackswan _c2013 |
||
| 270 |
_a1/24, Asaf Ali Road _bNew Delhi _e110002 |
||
| 300 |
_axx,420p. _c24cm(Hb) |
||
| 500 | _aIncludes index | ||
| 700 | _aShome, Parthasarathi | ||
| 942 |
_2ddc _cEN _mIND _h352.440954 |
||
| 999 |
_c95156 _d95156 |
||